[Event "Barbera del Valles op 40th"]
[Site "Barbera del Valles"]
[Date "2017.07.05"]
[Round "2"]
[White "Quirhuayo Chumbe, German Gonzalo"]
[Black "Meenal, Gupta"]
[Result "1-0"]
[WhiteElo "2376"]
[BlackElo "1915"]
[PlyCount "53"]
[EventDate "2017.07.04"]
[EventType "swiss"]
[EventRounds "9"]
[EventCountry "ESP"]
[SourceTitle "EXT 2018"]
[Source "ChessBase"]
[SourceDate "2017.10.13"]
[SourceVersion "1"]
[SourceVersionDate "2017.10.13"]
[SourceQuality "1"]

1. e4 c5 2. Nf3 d6 3. d4 cxd4 4. Nxd4 Nf6 5. Nc3 a6 6. Bg5 e6 7. Qf3 Nbd7 8. 0-0-0 Qc7 9. Qg3 Rb8 10. f4 b5 11. e5 b4 12. Ncb5 axb5 13. exf6 gxf6 14. Bh4 Qc5 15. Kb1 h5 16. Be2 Bh6 17. Rhe1 Ke7 18. Qb3 Bxf4 19. Qf3 Be5 20. Nc6+ Ke8 21. Nxb8 Nxb8 22. Bxf6 Bxf6 23. Qxf6 Rg8 24. Rf1 Rf8 25. Qh6 Bb7 26. Bxh5 Bxg2 27. Qxe6+ 1-0

[Event "IND-ch U19 Girls 46th"]
[Site "Rajahmundry"]
[Date "2016.10.14"]
[Round "9"]
[White "Meenal, Gupta"]
[Black "Aasha, CR."]
[Result "0-1"]
[WhiteElo "1887"]
[BlackElo "1777"]
[PlyCount "58"]
[EventDate "2016.10.08"]
[EventType "swiss"]
[EventRounds "11"]
[EventCountry "IND"]
[SourceTitle "CBM 175 Extra"]
[Source "ChessBase"]
[SourceDate "2016.12.12"]
[SourceVersion "1"]
[SourceVersionDate "2016.12.12"]
[SourceQuality "1"]

1. e4 c5 2. Nf3 Nc6 3. d4 cxd4 4. Nxd4 Nf6 5. Nc3 e5 6. Ndb5 d6 7. Bg5 a6 8. Na3 b5 9. Nd5 Be7 10. Bxf6 Bxf6 11. c4 b4 12. Nc2 0-0 13. h4 Rb8 14. Nce3 Nd4 15. g3 b3 16. Bg2 Be6 17. 0-0 Bxd5 18. Nxd5 Qc8 19. Rc1 bxa2 20. b4 a5 21. b5 a4 22. Qxa4 Ne2+ 23. Kh2 Nxc1 24. Rxc1 Ra8 25. Qd1 Bd8 26. Bf1 Qc5 27. Kg2 Bb6 28. Nxb6 Qxb6 29. Ra1 Ra3 0-1

[Event "IND-ch U19 Girls 46th"]
[Site "Rajahmundry"]
[Date "2016.10.13"]
[Round "8"]
[White "Salonika, Saina"]
[Black "Meenal, Gupta"]
[Result "1-0"]
[WhiteElo "2093"]
[BlackElo "1887"]
[PlyCount "71"]
[EventDate "2016.10.08"]
[EventType "swiss"]
[EventRounds "11"]
[EventCountry "IND"]
[SourceTitle "CBM 175 Extra"]
[Source "ChessBase"]
[SourceDate "2016.12.12"]
[SourceVersion "1"]
[SourceVersionDate "2016.12.12"]
[SourceQuality "1"]

1. e4 c5 2. Nc3 a6 3. g3 b5 4. Bg2 Bb7 5. d3 e6 6. Nh3 Nc6 7. 0-0 g6 8. f4 Nd4 9. Ne2 Bg7 10. c3 Nxe2+ 11. Qxe2 Nf6 12. Nf2 d5 13. g4 0-0 14. e5 Nd7 15. g5 Qb6 16. Ng4 Rfd8 17. Be3 Qc7 18. Qf2 Kf8 19. Qh4 Ke7 20. Nf6 Rh8 21. Qf2 Bxf6 22. gxf6+ Kd8 23. Rfd1 Kc8 24. Bf1 Qc6 25. Bg2 Qc7 26. Bf1 Qc6 27. Bg2 Qc7 28. a4 Kb8 29. axb5 axb5 30. Rxa8+ Bxa8 31. Ra1 Bb7 32. b3 g5 33. fxg5 Kc8 34. d4 c4 35. bxc4 dxc4 36. Ra7 1-0

[Event "IND-ch Challengers (Women) 43rd"]
[Site "Chennai"]
[Date "2016.06.24"]
[Round "10"]
[White "Meenal, Gupta"]
[Black "Abirama Srinithi, G."]
[Result "1/2-1/2"]
[WhiteElo "1898"]
[BlackElo "1647"]
[PlyCount "96"]
[EventDate "2016.06.17"]
[EventType "swiss"]
[EventRounds "11"]
[EventCountry "IND"]
[SourceTitle "CBM 173 Extra"]
[Source "ChessBase"]
[SourceDate "2016.08.29"]
[SourceVersion "1"]
[SourceVersionDate "2016.08.29"]
[SourceQuality "1"]

1. e4 c5 2. Nf3 d6 3. d4 cxd4 4. Nxd4 Nf6 5. Nc3 g6 6. Bg5 Bg7 7. Bb5+ Bd7 8. Qe2 a6 9. Bxd7+ Nbxd7 10. 0-0-0 Rc8 11. f4 Qa5 12. Kb1 0-0 13. Nb3 Qc7 14. Rhe1 h6 15. Bh4 Nb6 16. g4 Qc4 17. h3 Rfe8 18. Bg3 Nfd7 19. e5 dxe5 20. fxe5 Nc5 21. Bf2 Qxe2 22. Rxe2 Nbd7 23. Rd5 Nxb3 24. axb3 Nf8 25. Bb6 Rc6 26. Na4 Rec8 27. c3 f6 28. exf6 Bxf6 29. b4 Rd6 30. Rxd6 exd6 31. Rd2 Rc6 32. Be3 Nd7 33. c4 b5 34. cxb5 axb5 35. Nc3 Bxc3 36. bxc3 Rxc3 37. Bxh6 Rxh3 38. Rxd6 Ne5 39. Bf4 Nc4 40. Rxg6+ Kf7 41. Rc6 Rb3+ 42. Kc1 Rxb4 43. g5 Na3 44. g6+ Kg8 45. Rf6 Rb1+ 46. Kd2 Kg7 47. Rc6 Nc4+ 48. Kd3 Rg1 1/2-1/2

[Event "IND-ch Challengers (Women) 43rd"]
[Site "Chennai"]
[Date "2016.06.23"]
[Round "9"]
[White "Toshali, V."]
[Black "Meenal, Gupta"]
[Result "1/2-1/2"]
[WhiteElo "1729"]
[BlackElo "1898"]
[PlyCount "68"]
[EventDate "2016.06.17"]
[EventType "swiss"]
[EventRounds "11"]
[EventCountry "IND"]
[SourceTitle "CBM 173 Extra"]
[Source "ChessBase"]
[SourceDate "2016.08.29"]
[SourceVersion "1"]
[SourceVersionDate "2016.08.29"]
[SourceQuality "1"]

1. Nc3 b6 2. e4 c5 3. f4 e6 4. Nf3 Nc6 5. d3 Nge7 6. g3 g6 7. Bg2 Bg7 8. 0-0 0-0 9. h3 d5 10. e5 Rb8 11. Ne2 a5 12. Be3 Ba6 13. Bf2 Qc7 14. c3 c4 15. dxc4 dxc4 16. g4 Rfd8 17. Qc1 b5 18. Ng5 b4 19. Ng3 bxc3 20. bxc3 Nd5 21. N3e4 h6 22. Nf3 Bc8 23. Bh4 Rf8 24. Nf6+ Bxf6 25. exf6 Qb6+ 26. Bf2 Qb2 27. Nd4 Nxd4 28. Bxd4 Bd7 29. f5 Qxc1 30. Raxc1 g5 31. Rfe1 Nf4 32. Be3 Nxg2 33. Kxg2 Rb2+ 34. Kg3 Rxa2 1/2-1/2

[Event "IND-ch Challengers (Women) 43rd"]
[Site "Chennai"]
[Date "2016.06.21"]
[Round "7"]
[White "Ankitha, Goud Palle"]
[Black "Meenal, Gupta"]
[Result "1/2-1/2"]
[WhiteElo "1741"]
[BlackElo "1898"]
[PlyCount "87"]
[EventDate "2016.06.17"]
[EventType "swiss"]
[EventRounds "11"]
[EventCountry "IND"]
[SourceTitle "CBM 173 Extra"]
[Source "ChessBase"]
[SourceDate "2016.08.29"]
[SourceVersion "1"]
[SourceVersionDate "2016.08.29"]
[SourceQuality "1"]

1. Nf3 c5 2. b3 b6 3. Bb2 Bb7 4. g3 e6 5. Bg2 Nf6 6. 0-0 Be7 7. c4 0-0 8. e3 d6 9. Qe2 Nbd7 10. Rd1 Qc7 11. Nc3 a6 12. d4 cxd4 13. Rxd4 Rac8 14. Rc1 Rfe8 15. Rdd1 Bf8 16. Qd2 Qb8 17. Nh4 Bxg2 18. Nxg2 b5 19. cxb5 axb5 20. Qe2 b4 21. Na4 Qb7 22. Nf4 d5 23. Nd3 Qb5 24. Nf4 Qxe2 25. Nxe2 Bd6 26. Nd4 Nc5 27. Nb5 Nxa4 28. Bxf6 gxf6 29. Nxd6 Rxc1 30. Rxc1 Rd8 31. bxa4 Rxd6 32. Rc8+ Kg7 33. Rb8 d4 34. exd4 Rxd4 35. a5 Rd1+ 36. Kg2 Ra1 37. Rxb4 Rxa2 38. Rb5 f5 39. h4 Kg6 40. Kf3 f6 41. Rb6 Rxa5 42. Rxe6 Re5 43. Rb6 h5 44. Rc6 1/2-1/2

[Event "IND-ch U13 Girls 29th"]
[Site "Gurgaon"]
[Date "2015.09.07"]
[Round "11"]
[White "Meenal, Gupta"]
[Black "Kaur, Palkin"]
[Result "1/2-1/2"]
[WhiteElo "1619"]
[BlackElo "1741"]
[PlyCount "45"]
[EventDate "2015.08.30"]
[EventType "swiss"]
[EventRounds "11"]
[EventCountry "IND"]
[SourceTitle "EXT 2016"]
[Source "ChessBase"]
[SourceDate "2015.10.08"]
[SourceVersion "1"]
[SourceVersionDate "2015.10.08"]
[SourceQuality "1"]

1. b3 d5 2. e3 e5 3. Bb2 Nd7 4. c4 c6 5. cxd5 cxd5 6. Be2 Ngf6 7. Nf3 Bd6 8. Nc3 a6 9. 0-0 0-0 10. Rc1 b5 11. a3 Bb7 12. b4 Nb6 13. d3 Re8 14. Nb1 Nfd7 15. Nbd2 a5 16. Qb3 a4 17. Qd1 f5 18. g3 Nf8 19. d4 e4 20. Ne5 Nc4 21. Ndxc4 dxc4 22. f4 Nd7 23. g4 1/2-1/2